| 000 | 00476 a2200157 4500 | ||
|---|---|---|---|
| 020 | _a0961392142 | ||
| 040 | _aDLC | ||
| 082 | 0 | 0 | _a001.4226 |
| 245 | 1 | 4 |
_aThe visual display of quantitative information _cEdward R. Tufte. |
| 250 | _a2nd ed. | ||
| 260 |
_aCheshire, Conn. : _bGraphics Press, _cc2001. |
||
| 300 |
_a197 p. : _bill. (some col.), maps (some col.) ; _c28 cm. |
||
| 500 | _aIncludes index. | ||
| 650 | 0 |
_aStatistics _xGraphic methods. |
|
| 942 |
_cBK _k001.4226 TUF _2ddc |
||
| 999 |
_c10887 _d10887 |
||